[Event "Piestany Augustus Cup"]
[Site "Piestany"]
[Date "2022.07.15"]
[Round "6"]
[White "Danada, Ondrej"]
[Black "Kompan, Andrej"]
[Result "1/2-1/2"]
[WhiteElo "1820"]
[BlackElo "1372"]
[PlyCount "105"]
[EventDate "2022.07.15"]
[EventType "swiss (rapid)"]
[EventRounds "7"]
[EventCountry "SVK"]
[SourceTitle "CBM 209 Extra"]
[Source "ChessBase"]
[SourceDate "2022.09.30"]
[SourceVersion "1"]
[SourceVersionDate "2022.09.30"]
[SourceQuality "1"]

1. e4 Nf6 2. Bc4 Nxe4 3. Bxf7+ Kxf7 4. Qh5+ Kg8 5. Qd5+ e6 6. Qxe4 d5 7. Qe2 c5 8. Nf3 Bd6 9. d4 Nc6 10. Bg5 Qa5+ 11. Bd2 Qc7 12. dxc5 Bxc5 13. Nc3 h6 14. 0-0-0 Bd7 15. g3 Kh7 16. Bf4 Bd6 17. Bxd6 Qxd6 18. Rhe1 Rhf8 19. Ne4 Qe7 20. Nc3 Qf6 21. Qd3+ Kh8 22. Nh4 Qg5+ 23. f4 Qh5 24. Ng6+ Kg8 25. Nxf8 Rxf8 26. Qe2 Qf7 27. Kb1 a5 28. Nb5 Qe7 29. Nd4 Nxd4 30. Rxd4 Qc5 31. Qd2 Re8 32. f5 exf5 33. Rxe8+ Bxe8 34. Rxd5 Qg1+ 35. Qd1 Qxh2 36. Qe1 Bc6 37. Rxf5 Qh3 38. Qe6+ Kh7 39. b3 Qxg3 40. Rxa5 Qg1+ 41. Kb2 Qd4+ 42. Ka3 Qd2 43. Qe5 Qc1+ 44. Kb4 Qd2+ 45. Qc3 Qd6+ 46. Rc5 b6 47. a4 bxc5+ 48. Qxc5 Qd2+ 49. c3 Qf4+ 50. c4 Qd2+ 51. Ka3 Qc1+ 52. Kb4 Qd2+ 53. Ka3 1/2-1/2

[Event "SVK-chT4 A21 2122"]
[Site "Slovakia"]
[Date "2022.03.13"]
[Round "10.1"]
[White "Danada, Ondrej"]
[Black "Kurinec, Jozef"]
[Result "1/2-1/2"]
[WhiteElo "1919"]
[BlackElo "1857"]
[PlyCount "68"]
[EventDate "2021.10.17"]
[EventType "team-tourn"]
[EventRounds "11"]
[EventCountry "SVK"]
[SourceTitle "EXT 2024"]
[Source "ChessBase"]
[SourceDate "2023.10.10"]
[SourceVersion "1"]
[SourceVersionDate "2023.10.10"]
[SourceQuality "1"]
[WhiteTeam "Gbely Nafta II"]
[BlackTeam "Smolenice"]
[WhiteTeamCountry "SVK"]
[BlackTeamCountry "SVK"]

1. e4 e5 2. Nf3 Nc6 3. d4 exd4 4. Bc4 Be7 5. c3 Na5 6. Bd3 dxc3 7. Nxc3 d6 8. 0-0 Nf6 9. e5 dxe5 10. Nxe5 0-0 11. Bg5 h6 12. Bh4 Nd5 13. Bxe7 Nxe7 14. Qf3 Nac6 15. Nxc6 Nxc6 16. Qe4 g6 17. Bc4 Qd4 18. Qxg6+ Qg7 19. Qe4 Ne5 20. Rfe1 Nxc4 21. Qxc4 c6 22. Re3 Kh8 23. Rae1 Be6 24. Qh4 Qg5 25. Qd4+ Kh7 26. Rg3 Rad8 27. Qxa7 Qd2 28. Qe3 Qxe3 29. Rgxe3 Rd2 30. R3e2 Rfd8 31. a3 Bc4 32. Rxd2 Rxd2 33. Re4 b5 34. f3 Rxb2 1/2-1/2

[Event "SVK-chT2A 1920"]
[Site "Slovakia"]
[Date "2020.02.15"]
[Round "8.8"]
[White "Danada, Ondrej"]
[Black "Novak, Stanislav"]
[Result "1-0"]
[WhiteElo "1868"]
[BlackElo "1900"]
[PlyCount "123"]
[EventDate "2019.10.26"]
[EventType "team-tourn"]
[EventRounds "11"]
[EventCountry "SVK"]
[SourceTitle "CBM 195 Extra"]
[Source "ChessBase"]
[SourceDate "2020.05.31"]
[SourceVersion "1"]
[SourceVersionDate "2020.05.31"]
[SourceQuality "1"]
[WhiteTeam "Gbely Nafta"]
[BlackTeam "Bratislava Doprastav II"]
[WhiteTeamCountry "SVK"]
[BlackTeamCountry "SVK"]

1. e4 c5 2. Nf3 Nc6 3. d4 cxd4 4. Nxd4 Nf6 5. Nc3 e6 6. Ndb5 a6 7. Nd6+ Bxd6 8. Qxd6 Qe7 9. Bf4 0-0 10. Qxe7 Nxe7 11. Bd6 Re8 12. Be2 b5 13. a4 bxa4 14. Rxa4 Bb7 15. g4 Nc8 16. Be5 d5 17. Bxf6 gxf6 18. exd5 exd5 19. 0-0 a5 20. Bf3 Nb6 21. Rd4 Re5 22. Rfd1 Rd8 23. Ne4 Kg7 24. Ng3 Rde8 25. Nf5+ Kf8 26. Ne3 Rc8 27. c4 Rxe3 28. fxe3 Nxc4 29. Bxd5 Bxd5 30. Rxd5 Nxb2 31. Rd8+ Rxd8 32. Rxd8+ Kg7 33. Kf1 Nc4 34. Ke2 Ne5 35. Rd4 Kg6 36. Kf2 Nc6 37. Ra4 Ne5 38. Kg3 Nc6 39. Kf4 Ne5 40. Rxa5 Nd3+ 41. Ke4 Nf2+ 42. Kf3 Nd3 43. Rd5 Ne5+ 44. Kf4 Nc6 45. h4 Kg7 46. Rd7 Ne5 47. Rc7 Ng6+ 48. Kg3 h6 49. h5 Ne5 50. Kf4 Nd3+ 51. Kf5 Ne5 52. Rc5 Nd7 53. Rd5 Nf8 54. Rd6 Nh7 55. Ra6 Kg8 56. Rxf6 Kg7 57. Ra6 Ng5 58. e4 Nf3 59. e5 Ng5 60. e6 fxe6+ 61. Rxe6 Kh7 62. Re7+ 1-0

[Event "SVK-chT2A 1920"]
[Site "Slovakia"]
[Date "2019.12.15"]
[Round "6.6"]
[White "Danada, Ondrej"]
[Black "Vogl, Zdenek"]
[Result "1-0"]
[WhiteElo "1868"]
[BlackElo "1837"]
[PlyCount "59"]
[EventDate "2019.10.26"]
[EventType "team-tourn"]
[EventRounds "11"]
[EventCountry "SVK"]
[SourceTitle "CBM 194 Extra"]
[Source "ChessBase"]
[SourceDate "2020.03.31"]
[SourceVersion "1"]
[SourceVersionDate "2020.03.31"]
[SourceQuality "1"]
[WhiteTeam "Gbely Nafta"]
[BlackTeam "Skalica"]
[WhiteTeamCountry "SVK"]
[BlackTeamCountry "SVK"]

1. e4 e5 2. Nf3 Nc6 3. d4 exd4 4. Bc4 d6 5. Nxd4 Nxd4 6. Qxd4 Be6 7. Nc3 Qf6 8. Qxf6 Nxf6 9. Nd5 Nxd5 10. exd5 Bf5 11. Bb5+ Bd7 12. Bxd7+ Kxd7 13. Be3 Be7 14. Bd4 Rhe8 15. Kd2 g6 16. Rhe1 Bg5+ 17. Kd3 Rxe1 18. Rxe1 Re8 19. Rxe8 Kxe8 20. Bxa7 b6 21. a4 Kd7 22. a5 Bd8 23. Kc4 Kc8 24. a6 f5 25. Kb5 Kd7 26. Bxb6 Kc8 27. Bd4 Kb8 28. Kc6 Be7 29. a7+ Ka8 30. Kxc7 1-0

[Event "SVK-chT2A 1819"]
[Site "Slovakia"]
[Date "2018.11.17"]
[Round "3.7"]
[White "Sandor, Martin"]
[Black "Danada, Ondrej"]
[Result "1-0"]
[WhiteElo "1937"]
[BlackElo "1869"]
[PlyCount "47"]
[EventDate "2018.10.13"]
[EventType "team-tourn"]
[EventRounds "11"]
[EventCountry "SVK"]
[SourceTitle "CBM 189 Extra"]
[Source "ChessBase"]
[SourceDate "2019.06.03"]
[SourceVersion "1"]
[SourceVersionDate "2019.06.03"]
[SourceQuality "1"]
[WhiteTeam "Modra II"]
[BlackTeam "Gbely Nafta"]
[WhiteTeamCountry "SVK"]
[BlackTeamCountry "SVK"]

1. e4 c6 2. d4 d5 3. Nc3 dxe4 4. Nxe4 Bf5 5. Ng3 Bg6 6. Nh3 e6 7. Nf4 Qh4 8. Nh3 Be7 9. c3 Nd7 10. Be2 Nh6 11. 0-0 Nf5 12. Re1 0-0-0 13. Qa4 c5 14. Qxa7 cxd4 15. Nxf5 Bxf5 16. Bf4 e5 17. Bf3 Nc5 18. Rxe5 Bxh3 19. Rxc5+ Kd7 20. Qa4+ Ke6 21. Re1+ Kf6 22. Bg5+ Qxg5 23. Rxg5 Kxg5 24. gxh3 1-0

[Event "SVK-chT3A2 1819"]
[Site "Slovakia"]
[Date "2018.10.07"]
[Round "1.1"]
[White "Janas, Peter"]
[Black "Danada, Ondrej"]
[Result "0-1"]
[WhiteElo "1760"]
[BlackElo "1832"]
[PlyCount "98"]
[EventDate "2018.10.07"]
[EventType "team-tourn"]
[EventRounds "11"]
[EventCountry "SVK"]
[SourceTitle "EXT 2020"]
[Source "ChessBase"]
[SourceDate "2019.10.17"]
[SourceVersion "1"]
[SourceVersionDate "2019.10.17"]
[SourceQuality "1"]
[WhiteTeam "Hlohovec"]
[BlackTeam "Gbely Nafta II"]
[WhiteTeamCountry "SVK"]
[BlackTeamCountry "SVK"]

1. Nc3 c5 2. e4 Nc6 3. Nf3 Nd4 4. Nxd4 cxd4 5. Ne2 e5 6. Ng3 d5 7. Bb5+ Bd7 8. Bxd7+ Qxd7 9. d3 dxe4 10. dxe4 Qb5 11. Bd2 Rc8 12. a4 Qc4 13. c3 Nf6 14. Qe2 dxc3 15. Bxc3 Bb4 16. Qxc4 Rxc4 17. Rc1 Nxe4 18. Nxe4 Rxe4+ 19. Kd2 0-0 20. Kd3 f5 21. Bxb4 Rxb4 22. Kc3 Rxa4 23. Kb3 Ra6 24. Rhd1 Rb6+ 25. Ka2 Rc6 26. Rxc6 bxc6 27. Rd7 e4 28. Rxa7 Rd8 29. Ra3 Rd2 30. f3 Rxg2 31. fxe4 fxe4 32. h3 Kf7 33. Re3 Rh2 34. Kb3 Kf6 35. Rxe4 Rxh3+ 36. Kc4 Kf5 37. Re2 g5 38. Kd4 Kf4 39. Rf2+ Kg3 40. Rc2 Rh2 41. Rc3+ Kf4 42. b4 Rd2+ 43. Kc5 g4 44. Kxc6 g3 45. b5 g2 46. Rc1 Kf3 47. b6 Kf2 48. b7 Rb2 49. Rc3 g1Q 0-1

[Event "SVK-chT3A2 1718"]
[Site "Slovakia"]
[Date "2018.03.25"]
[Round "11.6"]
[White "Danada, Ondrej"]
[Black "Takacs, Laszlo"]
[Result "0-1"]
[WhiteElo "1869"]
[BlackElo "2240"]
[PlyCount "46"]
[EventDate "2017.10.08"]
[EventType "team-tourn"]
[EventRounds "11"]
[EventCountry "SVK"]
[SourceTitle "EXT 2020"]
[Source "ChessBase"]
[SourceDate "2019.10.17"]
[SourceVersion "1"]
[SourceVersionDate "2019.10.17"]
[SourceQuality "1"]
[WhiteTeam "Gbely Nafta II"]
[BlackTeam "Dunajska Streda II"]
[WhiteTeamCountry "SVK"]
[BlackTeamCountry "SVK"]

1. e4 c5 2. Nf3 e6 3. g3 Nc6 4. Bg2 Nf6 5. d3 d5 6. Nbd2 Be7 7. 0-0 0-0 8. c3 Qc7 9. a4 b6 10. Qc2 Rd8 11. Re1 Ba6 12. Nf1 dxe4 13. dxe4 Bd3 14. Qb3 Na5 15. Qa3 Bxe4 16. Bf4 Qb7 17. Rxe4 Nxe4 18. N3d2 f5 19. Nxe4 fxe4 20. Nd2 Rxd2 21. Bxd2 Nc4 22. Qb3 Nxd2 23. Qxe6+ Kh8 0-1

[Event "Oravska Priehrada op"]
[Site "Namestovo"]
[Date "2017.08.26"]
[Round "2"]
[White "Danada, Ondrej"]
[Black "Lecky, Juraj"]
[Result "0-1"]
[WhiteElo "1883"]
[BlackElo "2078"]
[PlyCount "58"]
[EventDate "2017.08.25"]
[EventType "swiss"]
[EventRounds "7"]
[EventCountry "SVK"]
[SourceTitle "CBM 180 Extra"]
[Source "ChessBase"]
[SourceDate "2017.10.06"]
[SourceVersion "1"]
[SourceVersionDate "2017.10.06"]
[SourceQuality "1"]

1. e4 c5 2. Nf3 d6 3. d4 cxd4 4. Nxd4 Nf6 5. Nc3 a6 6. Bg5 e6 7. f4 h6 8. Bh4 Be7 9. Qf3 Qc7 10. 0-0-0 Nbd7 11. g4 g5 12. fxg5 Ne5 13. Qg3 Nfxg4 14. h3 hxg5 15. hxg4 Rxh4 16. Rxh4 gxh4 17. Qf4 Bd7 18. Qh6 0-0-0 19. g5 Qc5 20. Kb1 Ng6 21. Qh7 Qxg5 22. Qxf7 Rf8 23. Qh7 Bf6 24. Bh3 Rh8 25. Nxe6 Rxh7 26. Nxg5 Bxg5 27. Bxd7+ Kxd7 28. Rg1 Rh5 29. Nd5 Ke6 0-1

[Event "Stara Lubovna op"]
[Site "Stara Lubovna"]
[Date "2017.05.05"]
[Round "2"]
[White "Danada, Ondrej"]
[Black "Koutny, Petr"]
[Result "0-1"]
[WhiteElo "1894"]
[BlackElo "2175"]
[PlyCount "92"]
[EventDate "2017.05.05"]
[EventType "swiss"]
[EventRounds "7"]
[EventCountry "SVK"]
[SourceTitle "CBM 178 Extra"]
[Source "ChessBase"]
[SourceDate "2017.06.22"]
[SourceVersion "1"]
[SourceVersionDate "2017.06.22"]
[SourceQuality "1"]

1. e4 d5 2. exd5 Nf6 3. Bc4 Nxd5 4. Qf3 Nf6 5. Nc3 Nc6 6. Qg3 Bf5 7. d3 e6 8. Nf3 Bg6 9. Bg5 h6 10. Be3 Bd6 11. Qh4 a6 12. g4 Nd7 13. Qxd8+ Rxd8 14. Ne4 Nde5 15. Nxd6+ cxd6 16. Nh4 Bh7 17. 0-0-0 b5 18. Bb3 Nxg4 19. Bb6 Rb8 20. Rdg1 Rxb6 21. Rxg4 g5 22. Nf3 Bf5 23. Rg3 Ke7 24. h4 g4 25. Nh2 Nd4 26. Kd2 h5 27. c3 Nc6 28. f3 Ne5 29. fxg4 hxg4 30. d4 Ng6 31. Nxg4 Rxh4 32. Rxh4 Nxh4 33. Nh6 Bg6 34. Bc2 Rb8 35. Rg4 Bxc2 36. Rxh4 Bb1 37. a3 f5 38. d5 e5 39. a4 Kf6 40. axb5 axb5 41. Rb4 Be4 42. Ng4+ Kg5 43. Ne3 Kf4 44. c4 Rh8 45. Nd1 Rh2+ 46. Kc1 Rc2+ 0-1

[Event "SVK-chT3A2 1617"]
[Site "Slovakia"]
[Date "2017.03.19"]
[Round "11.1"]
[White "Tupy, Bystrik"]
[Black "Danada, Ondrej"]
[Result "1-0"]
[WhiteElo "1702"]
[BlackElo "1871"]
[PlyCount "63"]
[EventDate "2016.10.16"]
[EventType "team-tourn"]
[EventRounds "11"]
[EventCountry "SVK"]
[SourceTitle "EXT 2020"]
[Source "ChessBase"]
[SourceDate "2019.10.17"]
[SourceVersion "1"]
[SourceVersionDate "2019.10.17"]
[SourceQuality "1"]
[WhiteTeam "Hlohovec"]
[BlackTeam "Senica CVC"]
[WhiteTeamCountry "SVK"]
[BlackTeamCountry "SVK"]

1. e4 c6 2. d4 d5 3. exd5 cxd5 4. Nf3 Nc6 5. Bb5 Nf6 6. Nc3 Bg4 7. 0-0 e6 8. Qd3 Bd6 9. Ne5 Bf5 10. Qe2 Qc7 11. Bg5 Nd7 12. Bxc6 bxc6 13. Nf3 h6 14. Bh4 Rb8 15. b3 0-0 16. Bg3 Bxg3 17. hxg3 c5 18. Nb5 Qb6 19. a4 Rfc8 20. Rac1 c4 21. bxc4 Rxc4 22. Ne5 Nxe5 23. dxe5 Rxa4 24. Nd6 Bg6 25. Kh2 Ra2 26. f4 Qc5 27. f5 exf5 28. Nxf5 Rbb2 29. e6 fxe6 30. Qxe6+ Bf7 31. Nxh6+ gxh6 32. Rxf7 1-0

[Event "SVK-chT3A2 1617"]
[Site "Slovakia"]
[Date "2017.02.05"]
[Round "8.1"]
[White "Mosny, Jaroslav"]
[Black "Danada, Ondrej"]
[Result "1/2-1/2"]
[WhiteElo "1975"]
[BlackElo "1871"]
[PlyCount "137"]
[EventDate "2016.10.16"]
[EventType "team-tourn"]
[EventRounds "11"]
[EventCountry "SVK"]
[SourceTitle "EXT 2020"]
[Source "ChessBase"]
[SourceDate "2019.10.17"]
[SourceVersion "1"]
[SourceVersionDate "2019.10.17"]
[SourceQuality "1"]
[WhiteTeam "Trnava Lokomotiva III"]
[BlackTeam "Senica CVC"]
[WhiteTeamCountry "SVK"]
[BlackTeamCountry "SVK"]

1. d4 Nf6 2. Nf3 g6 3. Bg5 Bg7 4. Nbd2 c5 5. c3 cxd4 6. cxd4 d5 7. e3 Qa5 8. Bd3 Ne4 9. 0-0 Nxg5 10. Nxg5 0-0 11. f4 h6 12. Ngf3 Bf5 13. Bxf5 gxf5 14. Ne5 Nc6 15. Nxc6 bxc6 16. Nb3 Qb6 17. Qc2 e6 18. Nc5 Rfc8 19. b3 Bf8 20. Nd7 Qd8 21. Nxf8 Qxf8 22. Rfc1 Rab8 23. Qc5 Qxc5 24. Rxc5 Rb6 25. Rac1 Ra6 26. R1c2 Kf8 27. Kf2 Ke7 28. Ke1 Kd7 29. Kd1 Rb8 30. Kc1 Rb5 31. Kb2 Rba5 32. a4 Kd6 33. Ka3 Rb5 34. b4 Rb8 35. a5 Kd7 36. Ka4 f6 37. g3 h5 38. Rg2 e5 39. fxe5 fxe5 40. Rf2 Ke6 41. Rc1 h4 42. Rcf1 hxg3 43. hxg3 Rf8 44. Rh1 Rf6 45. Rh5 Rf7 46. Rh6+ Rf6 47. Rfh2 exd4 48. exd4 Kf7 49. Rxf6+ Kxf6 50. Rh4 Kg5 51. Rf4 c5 52. Kb5 Re6 53. Kxc5 Re3 54. Kxd5 Rxg3 55. Rf1 f4 56. b5 Ra3 57. Kc6 Rxa5 58. d5 Ra2 59. Rd1 Rc2+ 60. Kb7 Rb2 61. d6 Rxb5+ 62. Kxa7 Rf5 63. d7 Rf8 64. d8Q+ Rxd8 65. Rxd8 f3 66. Kb6 Kg4 67. Kc5 f2 68. Rf8 Kg3 69. Kd4 1/2-1/2

[Event "SVK-chT4 A21 1617"]
[Site "Slovakia"]
[Date "2016.11.20"]
[Round "4.3"]
[White "Miciak, Emanuel"]
[Black "Danada, Ondrej"]
[Result "1/2-1/2"]
[WhiteElo "1868"]
[BlackElo "1901"]
[PlyCount "111"]
[EventDate "2016.10.09"]
[EventType "team-tourn"]
[EventRounds "11"]
[EventCountry "SVK"]
[SourceTitle "EXT 2018"]
[Source "ChessBase"]
[SourceDate "2017.10.13"]
[SourceVersion "1"]
[SourceVersionDate "2017.10.13"]
[SourceQuality "1"]
[WhiteTeam "Vrbove"]
[BlackTeam "Senica CVC II"]
[WhiteTeamCountry "SVK"]
[BlackTeamCountry "SVK"]

1. d4 Nf6 2. c4 e6 3. Nf3 b6 4. g3 Ba6 5. Qc2 d5 6. cxd5 exd5 7. Bg2 Bb4+ 8. Bd2 Bxd2+ 9. Qxd2 Ne4 10. Qc2 0-0 11. 0-0 Re8 12. Re1 Nd7 13. Nbd2 Ndf6 14. Ne5 Nxd2 15. Qxd2 c5 16. e3 c4 17. Qc2 b5 18. Qf5 Bc8 19. Qf4 Be6 20. g4 Nd7 21. Nf3 Qf6 22. Qg3 Qg6 23. g5 Qc2 24. h4 Qxb2 25. h5 Bf5 26. Nh4 Be4 27. Bxe4 Rxe4 28. Rab1 Qd2 29. Rbd1 Qxa2 30. f3 Re6 31. f4 Rae8 32. f5 Re4 33. f6 Qb3 34. Nf5 g6 35. Nh6+ Kh8 36. Nxf7+ Kg8 37. Nh6+ Kh8 38. Nf7+ Kg8 39. Nd6 R8e6 40. Nxe4 Rxe4 41. hxg6 hxg6 42. Qh3 Nf8 43. f7+ Kxf7 44. Rf1+ Ke7 45. Rde1 c3 46. Qc8 Ne6 47. Qb7+ Kd8 48. Qb8+ Ke7 49. Qxa7+ Kd8 50. Qb8+ Ke7 51. Qg3 c2 52. Qf3 b4 53. Qf6+ Kd6 54. Qf3 Qc3 55. Qe2 b3 56. Qa6+ 1/2-1/2

[Event "SVK-chT3A2 1617"]
[Site "Slovakia"]
[Date "2016.11.13"]
[Round "3.1"]
[White "Manak, Adrian"]
[Black "Danada, Ondrej"]
[Result "0-1"]
[WhiteElo "1934"]
[BlackElo "1871"]
[PlyCount "122"]
[EventDate "2016.10.16"]
[EventType "team-tourn"]
[EventRounds "11"]
[EventCountry "SVK"]
[SourceTitle "EXT 2020"]
[Source "ChessBase"]
[SourceDate "2019.10.17"]
[SourceVersion "1"]
[SourceVersionDate "2019.10.17"]
[SourceQuality "1"]
[WhiteTeam "Piestany Kupele"]
[BlackTeam "Senica CVC"]
[WhiteTeamCountry "SVK"]
[BlackTeamCountry "SVK"]

1. e4 c6 2. d4 d5 3. Nc3 dxe4 4. Nxe4 Bf5 5. Ng3 Bg6 6. h4 h6 7. Nf3 Nd7 8. h5 Bh7 9. Bd3 Bxd3 10. Qxd3 Qc7 11. Bd2 Ngf6 12. c4 e6 13. 0-0-0 0-0-0 14. Kb1 c5 15. Bc3 cxd4 16. Bxd4 Bc5 17. Qe2 Bxd4 18. Rxd4 Nb6 19. Rhd1 Rxd4 20. Rxd4 Rd8 21. Rxd8+ Kxd8 22. Ne5 Ke7 23. b3 Nbd7 24. Nxd7 Qxd7 25. Kc2 Qc6 26. f4 b5 27. Nf5+ Kf8 28. Nd4 Qc5 29. Nxb5 a6 30. Nc3 Qf5+ 31. Kd1 Qxf4 32. Qd2 Qxd2+ 33. Kxd2 Ke7 34. Na4 Kd6 35. Ke3 Nxh5 36. b4 Kc6 37. Nc5 a5 38. a3 axb4 39. axb4 Ng3 40. Kd4 Nf5+ 41. Ke4 Nd6+ 42. Kd4 e5+ 43. Kxe5 Nxc4+ 44. Kf4 Kd5 45. Ne4 Ke6 46. Nc5+ Kf6 47. Nd7+ Ke6 48. Nc5+ Kd5 49. Ne4 Kc6 50. Nc3 g6 51. g3 f5 52. g4 fxg4 53. Kxg4 Ne3+ 54. Kf3 Nd5 55. Ne4 Nxb4 56. Kf4 Kd5 57. Nf6+ Ke6 58. Ng8 Nd5+ 59. Kg3 h5 60. Kh4 Ne7 61. Nh6 Nf5+ 0-1

[Event "SVK-chT4 A21 1617"]
[Site "Slovakia"]
[Date "2016.10.23"]
[Round "2.2"]
[White "Danada, Ondrej"]
[Black "Musaev, Urmat"]
[Result "1-0"]
[WhiteElo "1889"]
[BlackElo "1693"]
[PlyCount "89"]
[EventDate "2016.10.09"]
[EventType "team-tourn"]
[EventRounds "11"]
[EventCountry "SVK"]
[SourceTitle "CBM 175 Extra"]
[Source "ChessBase"]
[SourceDate "2016.12.12"]
[SourceVersion "1"]
[SourceVersionDate "2016.12.12"]
[SourceQuality "1"]
[WhiteTeam "Senica CVC II"]
[BlackTeam "Piestany Kupele II"]
[WhiteTeamCountry "SVK"]
[BlackTeamCountry "SVK"]

1. e4 e5 2. Nf3 Nc6 3. d4 exd4 4. Bc4 Bc5 5. 0-0 Nge7 6. Ng5 Ne5 7. Nxf7 Nxf7 8. Bxf7+ Kxf7 9. Qh5+ Ng6 10. Qd5+ Ke8 11. Qxc5 d6 12. Qxd4 Qe7 13. Nc3 c6 14. Be3 Kf7 15. Rad1 Rd8 16. f4 Bg4 17. Rd2 Kg8 18. h3 Bc8 19. f5 Ne5 20. Bf4 Rd7 21. Bxe5 dxe5 22. Qc4+ Kh8 23. Rfd1 Rxd2 24. Rxd2 Bd7 25. Qd3 Be8 26. Qd6 Qxd6 27. Rxd6 Kg8 28. Nd1 a5 29. Ne3 Bf7 30. a3 g6 31. g4 g5 32. Rd7 b5 33. Re7 b4 34. Rxe5 bxa3 35. bxa3 a4 36. Rc5 Rb8 37. Rxc6 Rb1+ 38. Kf2 Ra1 39. Rc3 Rh1 40. Kg2 Re1 41. e5 Kf8 42. e6 Be8 43. f6 Bg6 44. Rc8+ Be8 45. Kf2 1-0

[Event "SVK-chT4 A21 1516"]
[Site "Slovakia"]
[Date "2016.02.07"]
[Round "8.2"]
[White "Danada, Ondrej"]
[Black "Miciak, Emanuel"]
[Result "1-0"]
[WhiteElo "1948"]
[BlackElo "1848"]
[PlyCount "57"]
[EventDate "2015.10.04"]
[EventType "team-tourn"]
[EventRounds "11"]
[EventCountry "SVK"]
[SourceTitle "EXT 2017"]
[Source "ChessBase"]
[SourceDate "2016.10.25"]
[SourceVersion "1"]
[SourceVersionDate "2016.10.25"]
[SourceQuality "1"]
[WhiteTeam "Senica CVC II"]
[BlackTeam "Vrbove III"]
[WhiteTeamCountry "SVK"]
[BlackTeamCountry "SVK"]

1. e4 c5 2. Nf3 d6 3. d4 cxd4 4. Nxd4 Nf6 5. Nc3 a6 6. Bg5 e6 7. f4 Be7 8. Qf3 Nbd7 9. 0-0-0 Qc7 10. g4 b5 11. Bxf6 gxf6 12. f5 Ne5 13. Qh3 Bd7 14. fxe6 fxe6 15. g5 fxg5 16. Nxe6 Bxe6 17. Qxe6 Qd7 18. Qd5 Rb8 19. Be2 g4 20. Qb3 Rf8 21. a4 Bg5+ 22. Kb1 Nf3 23. Qd5 b4 24. Na2 Bf4 25. Bxa6 Qxa4 26. Qe6+ Kd8 27. Rxd6+ Bxd6 28. Qxd6+ Ke8 29. Qe6+ 1-0

[Event "SVK-chT3A2 1516"]
[Site "Slovakia"]
[Date "2015.10.25"]
[Round "2.4"]
[White "Mackovic, Miroslav"]
[Black "Danada, Ondrej"]
[Result "0-1"]
[WhiteElo "1890"]
[BlackElo "1925"]
[PlyCount "55"]
[EventDate "2015.10.11"]
[EventType "team-tourn"]
[EventRounds "11"]
[EventCountry "SVK"]
[SourceTitle "EXT 2020"]
[Source "ChessBase"]
[SourceDate "2019.10.17"]
[SourceVersion "1"]
[SourceVersionDate "2019.10.17"]
[SourceQuality "1"]
[WhiteTeam "Modranka Komplet"]
[BlackTeam "Senica CVC"]
[WhiteTeamCountry "SVK"]
[BlackTeamCountry "SVK"]

1. e4 c6 2. d4 d5 3. Nc3 dxe4 4. Nxe4 Bf5 5. Ng3 Bg6 6. Nf3 Nd7 7. h4 h6 8. h5 Bh7 9. Bd3 Bxd3 10. Qxd3 Qc7 11. 0-0 Ngf6 12. Re1 e6 13. Ne5 c5 14. c3 Bd6 15. f4 cxd4 16. cxd4 0-0 17. a3 Rac8 18. Bd2 Qc2 19. Qxc2 Rxc2 20. Bc3 Nb6 21. Rac1 Rxc1 22. Rxc1 Rc8 23. Bd2 Rxc1+ 24. Bxc1 Na4 25. Nd3 b5 26. b4 Nc3 27. Kf2 Ncd5 28. Ne4 0-1

[Event "SVK-chT3A2 1516"]
[Site "Slovakia"]
[Date "2015.10.11"]
[Round "1.4"]
[White "Danada, Ondrej"]
[Black "Hrubsa, Marian"]
[Result "1/2-1/2"]
[WhiteElo "1925"]
[BlackElo "1784"]
[PlyCount "56"]
[EventDate "2015.10.11"]
[EventType "team-tourn"]
[EventRounds "11"]
[EventCountry "SVK"]
[SourceTitle "EXT 2020"]
[Source "ChessBase"]
[SourceDate "2019.10.17"]
[SourceVersion "1"]
[SourceVersionDate "2019.10.17"]
[SourceQuality "1"]
[WhiteTeam "Senica CVC"]
[BlackTeam "Skalica II"]
[WhiteTeamCountry "SVK"]
[BlackTeamCountry "SVK"]

1. e4 e6 2. d4 d5 3. Nc3 Nf6 4. Bg5 Be7 5. e5 Nfd7 6. Bxe7 Qxe7 7. f4 a6 8. Nf3 c5 9. Be2 cxd4 10. Nxd4 Nc6 11. Qd2 Nxd4 12. Qxd4 b5 13. a3 Bb7 14. 0-0 h5 15. f5 Qc5 16. Qxc5 Nxc5 17. fxe6 fxe6 18. Bf3 Nd7 19. Rae1 Ke7 20. Na2 Raf8 21. g4 hxg4 22. Bxg4 Rxf1+ 23. Rxf1 Nxe5 24. Rf4 Nxg4 25. Rxg4 Rh7 26. a4 Bc6 27. Nb4 Bb7 28. Nd3 Kd6 1/2-1/2